000 00260nam a22001217a 4500
008 170925b xxu||||| |||| 00| 0 eng d
041 _aeng
080 _a37
100 _a46
101 _aEDU
245 _aTHE MEANING DRESS
_cDOMHORST.M.L
942 _2udc
_cBK
999 _c29627
_d29627